Štúdium fotooxidácie škoricového aldehydu v alkoholoch : Obh. 10.6.1993 /

Enregistré dans:
Détails bibliographiques
Auteur principal: Zima, Pavol (Auteur)
Format: Manuscrit Livre
Langue:slovaque
Publié: Bratislava : STU v Bratislave ChtF, 1993
Tags: Ajouter un tag
Pas de tags, Soyez le premier à ajouter un tag!

MARC

LEADER 00000ntm a22000003a 4500
001 stu21478
005 20150617225751.6
008 930721s1993----cs------------------slo-d
040 |a STU  |b slo 
041 0 |a slo 
044 |a cs 
100 1 |a Zima, Pavol  |4 aut 
245 1 |a Štúdium fotooxidácie škoricového aldehydu v alkoholoch :  |b Obh. 10.6.1993 /  |c [aut.]Zima,Pavol 
260 |a Bratislava :  |b STU v Bratislave ChtF,  |c 1993 
300 |a 74 s :  |b Tab.,grafy,lit 
500 |a Špec.: Polygrafia a fototechnika 
996 |b CD11371  |c C*D11371  |l CCI  |s A  |a 24  |w stu21478_0001